Boletín de la Sociedad Mexicana de Geografía y Estadística : institución oficial fundada en 1833 : junio de 1937 /

En este volumen se presentan artículos acerca de la Sociedad Mexicana de Geografía y Estadística; Algunos aspectos de la vida militar y diplomática del general Vicente Riva Palacio y Las misiones de Río Verde.

Na minha lista:
Detalhes bibliográficos
Outros Autores: Aguilar y Santillán, Rafael (dirección) (dirección)
Formato: Livro
Idioma:espanhol
Assuntos:
Tags: Adicionar Tag
Sem tags, seja o primeiro a adicionar uma tag!

MARC

LEADER 00000nam^a2200000^a^4500
001 000121009
005 20250521000000.0
009 20260310094412.961
037 |a Acervo ITESO - Biblioteca 
041 |a ESP 
082 |a 972. 005  |b SOC 1937 V. 46 T. 1 
240 1 1 |a [Boletín de la Sociedad Mexicana de Geografía y Estadística] 
245 1 0 |a Boletín de la Sociedad Mexicana de Geografía y Estadística :  |b institución oficial fundada en 1833 : junio de 1937 /  |c Dir. de R. Aguilar y Santillán. 
264 |a México :  |b Sociedad Mexicana de Geografía y Estadística,  |c 1937 
300 |a 76 p. 
336 |a texto  |b txt  |2 rdacontenido 
337 |a sin mediación  |b n  |2 rdamedio 
338 |a volumen  |b nc  |2 rdasoporte 
520 |a En este volumen se presentan artículos acerca de la Sociedad Mexicana de Geografía y Estadística; Algunos aspectos de la vida militar y diplomática del general Vicente Riva Palacio y Las misiones de Río Verde. 
649 |a XX 
650 |a México -  |x Historia -  |x Publicaciones Periódicas 
650 |a Sociedad Mexicana de Geografía y Estadística -  |x Publicaciones Periódicas 
650 |a Sociedad Mexicana de Geografía y Estadística -  |x Historia 
650 |a Rioverde, San Luis Potosí -  |x Historia -  |y Siglo XVIII 
650 |a Rioverde, San Luis Potosí -  |x Historia -  |y Virreinato, 1535-1821 
650 |a Rioverde, San Luis Potosí -  |x Historia -  |y Epoca Colonial, 1517-1821 
650 |a México -  |x Historia -  |y Virreinato, 1535-1821 
650 |a México -  |x Historia -  |y Epoca Colonial, 1517-1821 
650 |a México -  |x Historia -  |y Intervención y Segundo Imperio, 1861-1867 
650 |a México -  |x Historia -  |y República Liberal, 1867-1911 
650 |a México -  |x Historia -  |y Siglo XIX 
650 |a Políticos Mexicanos -  |x Biografías 
650 |a Escritores Mexicanos -  |x Biografías 
650 |a Riva Palacio, Vicente 
700 |a Aguilar y Santillán, Rafael  |e (dirección) 
910 |a Fondo Salvador Reynoso Reynoso 
920 |a Impresos - Libros 
930 |a Fondos Especiales 
905 |a 112 
901 |a 0800006444  |b IT2  |c ESP  |u 20250521 
902 |a https://opac.biblio.iteso.mx/vufind/Record/000121009